| 000 | 00583nam a2200205Ia 4500 | ||
|---|---|---|---|
| 003 | IN-BaIIA | ||
| 008 | 211028s9999 xx 000 0 eng d | ||
| 040 | _cIIA Library | ||
| 080 |
_a512.8 _bHOH |
||
| 100 |
_aHohn, Franz E. _95912 |
||
| 245 | 0 |
_aElementary matrix algebra _cFranz E. Hohn |
|
| 250 | _a2nd ed. | ||
| 260 |
_aNew York _bMacmillan _c1964 |
||
| 300 | _axiv, 395p. | ||
| 490 | _aA series of advanced mathematics texts | ||
| 650 |
_aAlgebra _91494 |
||
| 650 |
_aMatrices _92806 |
||
| 650 | _aNASA Thesaurus | ||
| 942 | _cBK | ||
| 999 |
_c3324 _d3324 |
||